[Event "LSS OP-2009-0-00867"]
[Site "LSS email"]
[Date "2009.06.04"]
[Round "?"]
[White "Cass, Neil"]
[Black "Bogomolov, Alexander"]
[Result "0-1"]
[WhiteElo "800"]
[BlackElo "1408"]
[PlyCount "68"]
[EventDate "2009.05.31"]
[EventType "tourn (corr)"]
[EventRounds "4"]
[EventCountry "GER"]
[SourceTitle "Corr 2011"]
[Source "ChessBase"]
[SourceDate "2010.08.31"]
[SourceVersion "1"]
[SourceVersionDate "2010.08.31"]
[SourceQuality "1"]

1. e4 e5 2. Nf3 Nc6 3. Bb5 a6 4. Bxc6 dxc6 5. 0-0 f6 6. Nc3 Bc5 7. d3 Ne7 8. h3 0-0 9. Be3 Bd6 10. Nh4 Qe8 11. Nf5 Nxf5 12. exf5 Bxf5 13. d4 Qg6 14. Qf3 e4 15. Nxe4 Bxe4 16. Qg4 Bxc2 17. Qe6+ Rf7 18. Qg4 Qxg4 19. hxg4 Re8 20. Rac1 Bd3 21. Rfd1 Be2 22. Rd2 Bxg4 23. d5 cxd5 24. Rxd5 h5 25. g3 Bxg3 26. Rd3 Be5 27. a4 Bxb2 28. Rb1 Bf5 29. Rxb2 Bxd3 30. Rxb7 Be4 31. Ra7 Bf3 32. Bd2 Rd8 33. Be3 Rd1+ 34. Kh2 h4 0-1

[Event "LSS OP-2009-0-00867"]
[Site "LSS email"]
[Date "2009.06.04"]
[Round "?"]
[White "Enguidanos Gimeno, Salvador"]
[Black "Cass, Neil"]
[Result "1-0"]
[WhiteElo "2085"]
[BlackElo "800"]
[PlyCount "75"]
[EventDate "2009.05.31"]
[EventType "tourn (corr)"]
[EventRounds "4"]
[EventCountry "GER"]
[SourceTitle "Corr 2011"]
[Source "ChessBase"]
[SourceDate "2010.08.31"]
[SourceVersion "1"]
[SourceVersionDate "2010.08.31"]
[SourceQuality "1"]

1. Nf3 Nc6 2. d4 d5 3. Bf4 g6 4. e3 Bg7 5. c4 Nf6 6. Bd3 Bg4 7. Nbd2 h6 8. a3 0-0 9. Qc2 Ne4 10. Nxe4 Bxf3 11. gxf3 dxe4 12. Bxe4 e5 13. dxe5 Nxe5 14. Rd1 Qe7 15. b4 Rad8 16. Ke2 f5 17. Bd5+ Kh7 18. Bxb7 c6 19. Bxe5 Qxb7 20. Bxg7 Qxg7 21. Rd2 g5 22. Rxd8 Rxd8 23. Qxf5+ Kh8 24. Qc2 Qf7 25. Rg1 Rf8 26. Qe4 Qf6 27. Qd4 Kh7 28. Qxf6 Rxf6 29. Rd1 Rf7 30. Rd6 Rc7 31. Kd3 h5 32. e4 g4 33. f4 h4 34. e5 g3 35. fxg3 hxg3 36. hxg3 Kg7 37. f5 Kf7 38. g4 1-0

[Event "LSS OP-2009-0-00821"]
[Site "LSS email"]
[Date "2009.04.20"]
[Round "?"]
[White "Burns, Stephen F"]
[Black "Cass, Neil"]
[Result "1-0"]
[WhiteElo "2010"]
[BlackElo "800"]
[PlyCount "83"]
[EventDate "2009.04.17"]
[EventType "tourn (corr)"]
[EventRounds "4"]
[EventCountry "GER"]
[SourceTitle "Corr 2011"]
[Source "ChessBase"]
[SourceDate "2010.08.31"]
[SourceVersion "1"]
[SourceVersionDate "2010.08.31"]
[SourceQuality "1"]

1. e4 e5 2. Nf3 Nc6 3. Bb5 Nd4 4. Nxd4 exd4 5. 0-0 Bd6 6. d3 Nf6 7. f4 c6 8. Bc4 b5 9. Bb3 0-0 10. e5 Bc7 11. exf6 Qxf6 12. Qf3 d5 13. a4 b4 14. Nd2 g6 15. Qg3 Bf5 16. Nf3 a5 17. Bd2 h6 18. Rae1 Rae8 19. Ne5 Bb6 20. Rf2 Re7 21. Rfe2 Rfe8 22. Kh1 Kh7 23. Qf3 Bc7 24. Ng4 Bxg4 25. Qxg4 Rxe2 26. Rxe2 Rxe2 27. Qxe2 Bxf4 28. Qf3 Bg5 29. Qxf6 Bxf6 30. Bf4 Bd8 31. Bb8 h5 32. Ba7 Bf6 33. Bb6 Be7 34. Bxa5 h4 35. Bb6 g5 36. Bxd4 f5 37. a5 c5 38. Be5 Bd8 39. a6 Bb6 40. Bxd5 Kg6 41. Bb8 f4 42. a7 1-0